[Event "SLO-ch U16 Girls"]
[Site "Murska Sobota"]
[Date "2006.03.03"]
[Round "7"]
[White "Vidrih, Jana"]
[Black "Kovac, Tanja"]
[Result "1-0"]
[WhiteElo "1537"]
[BlackElo "1500"]
[PlyCount "183"]
[EventDate "2006.02.26"]
[EventType "swiss"]
[EventRounds "7"]
[EventCountry "SLO"]
[SourceTitle "EXT 2009"]
[Source "ChessBase"]
[SourceDate "2008.11.26"]
[SourceVersion "1"]
[SourceVersionDate "2008.11.26"]
[SourceQuality "1"]

1. d4 d5 2. Nf3 Nf6 3. Bf4 Bf5 4. e3 e6 5. Nbd2 c6 6. c3 Bd6 7. Bg3 Qe7 8. Be2 Nbd7 9. Qb3 Rb8 10. a3 0-0 11. c4 b6 12. Qa4 Bxg3 13. hxg3 Qd6 14. 0-0 Ne4 15. Rac1 Bg4 16. Rfe1 Bxf3 17. Nxf3 Nef6 18. cxd5 cxd5 19. Qxa7 Ra8 20. Qc7 Qxc7 21. Rxc7 Rfb8 22. Bb5 Rd8 23. Rec1 h6 24. Rb7 Rab8 25. Rxb8 Rxb8 26. Rc7 Nf8 27. Ne5 Ne4 28. Nxf7 Nd2 29. Ne5 Rd8 30. Rc6 Rb8 31. Rc7 Rd8 32. Nd7 Nxd7 33. Bxd7 Kf7 34. Bb5+ Kf6 35. Rc6 Rb8 36. a4 Nb3 37. Kf1 Na5 38. Rc7 Rb7 39. Rc3 Ra7 40. b4 Nc4 41. Ke2 Nd6 42. Rc6 Nxb5 43. axb5 Ra4 44. Rxb6 Rxb4 45. Rb8 Kg6 46. b6 Rb2+ 47. Kf3 Rb3 48. b7 h5 49. Re8 Rxb7 50. Rxe6+ Kf7 51. Re5 Rd7 52. Rxh5 Kg6 53. Re5 Rf7+ 54. Ke2 Rd7 55. Kd3 Kf6 56. f3 g6 57. e4 dxe4+ 58. fxe4 Ra7 59. Rc5 Ra3+ 60. Rc3 Ra2 61. Rc2 Ra3+ 62. Kc4 Rxg3 63. Kd5 Ke7 64. e5 Rg5 65. Re2 Kd7 66. Kc5 Rg3 67. Kd5 Rg5 68. Ra2 Rg4 69. Rf2 Kd8 70. Rd2 Kd7 71. Kc5 Rg5 72. Kc4 Rg4 73. Kc3 Rg3+ 74. Kc2 Rg5 75. Kd1 Ke7 76. Ke1 Kd7 77. Kf2 Ke7 78. Kf3 Rf5+ 79. Kg4 Kd7 80. g3 Ke7 81. Kh4 Rh5+ 82. Kg4 Rf5 83. Rd3 Rf8 84. Kg5 Ke6 85. Kg4 Kd5 86. Rf3 Re8 87. Rf4 Re7 88. Kg5 Rg7 89. Kf6 Rg8 90. Rg4 Rb8 91. Kxg6 Rb6+ 92. Kf5 1-0

[Event "SLO-ch U16 Girls"]
[Site "Murska Sobota"]
[Date "2006.03.01"]
[Round "4"]
[White "Orehek, Spela"]
[Black "Kovac, Tanja"]
[Result "1-0"]
[WhiteElo "1802"]
[BlackElo "1500"]
[PlyCount "89"]
[EventDate "2006.02.26"]
[EventType "swiss"]
[EventRounds "7"]
[EventCountry "SLO"]
[SourceTitle "EXT 2009"]
[Source "ChessBase"]
[SourceDate "2008.11.26"]
[SourceVersion "1"]
[SourceVersionDate "2008.11.26"]
[SourceQuality "1"]

1. e4 e5 2. Nf3 Nc6 3. d4 exd4 4. Bc4 Bc5 5. c3 dxc3 6. Bxf7+ Kxf7 7. Qd5+ Kf8 8. Qxc5+ Qe7 9. Qxe7+ Ngxe7 10. Nxc3 d6 11. Nb5 Bg4 12. Nxc7 Rc8 13. Nb5 Bxf3 14. gxf3 Rd8 15. Bf4 d5 16. Rd1 dxe4 17. Rxd8+ Nxd8 18. fxe4 a6 19. Nc3 Ng6 20. Bg3 Ne6 21. Ke2 Ke7 22. Rd1 Rd8 23. Rxd8 Kxd8 24. Ke3 Kd7 25. f4 Nd8 26. f5 Ne7 27. Ne2 Ndc6 28. Nd4 Nxd4 29. Kxd4 b6 30. a3 Nc6+ 31. Kd5 Ne7+ 32. Kc4 Kc6 33. Bh4 Nc8 34. e5 b5+ 35. Kd4 Nb6 36. b3 Nd5 37. Be1 Nf4 38. h4 Nh5 39. Ke4 Kc7 40. Kf3 g6 41. f6 Kd7 42. f7 Ke7 43. e6 Nf6 44. Bb4+ Kxe6 45. f8Q 1-0